|
|
|
|
| LEADER |
00000nab#a22000007a#4500 |
| 001 |
arbauad003093 |
| 003 |
AR-BaUAD |
| 005 |
20250711110542.0 |
| 008 |
931122|||||||||###||||||b###|0###a|spa|| |
| 040 |
|
|
|a AR-BaUAD
|c AR-BaUAD
|b spa
|
| 100 |
|
|
|a Luciani, Roberta
|
| 245 |
|
|
|a Uno sgabello :
|b Knut Hjeltnes /
|c Roberta Luciani;
|
| 300 |
0 |
|
|b fot., detalles
|
| 653 |
|
|
|a MUEBLES
|
| 653 |
|
|
|a BANQUETAS
|
| 653 |
|
|
|a DISEÑO INDUSTRIAL
|
| 773 |
0 |
|
|t Domus
|g no. 748 [abr. 1993], p. 12-13
|
| 942 |
|
|
|c ARTI
|
| 952 |
|
|
|0 0
|1 0
|4 0
|7 0
|9 48013
|a AR-BAuAD
|b AR-BAuAD
|d 2025-07-11
|l 0
|p AAQA003093
|r 2025-07-11 11:05:42
|w 2025-07-11
|y ARTI
|
| 990 |
|
|
|a DI199
|b TD
|
| 998 |
|
|
|a AAQ
|b BIBUN76
|
| 999 |
|
|
|c 27686
|d 27686
|